| 000 -LEADER |
| fixed length control field |
00365nam a22001217a 4500 |
| 082 ## - DEWEY DECIMAL CLASSIFICATION NUMBER |
| Classification number |
TNC P52x54 H336 |
| 100 ## - MAIN ENTRY--PERSONAL NAME |
| Personal name |
Hazary, Subas Chandra |
| 9 (RLIN) |
22588 |
| 245 ## - TITLE STATEMENT |
| Title |
Student politics in India |
| 260 ## - PUBLICATION, DISTRIBUTION, ETC. (IMPRINT) |
| Place of publication, distribution, etc |
New Delhi |
| Name of publisher, distributor, etc |
Ashish publication house |
| Date of publication, distribution, etc |
1987 |
| 300 ## - PHYSICAL DESCRIPTION |
| Extent |
287p |
| 650 ## - SUBJECT ADDED ENTRY--TOPICAL TERM |
| Topical term or geographic name as entry element |
College Students - political activity - India |
| 9 (RLIN) |
22589 |
| 650 ## - SUBJECT ADDED ENTRY--TOPICAL TERM |
| Topical term or geographic name as entry element |
Case studies |
| 9 (RLIN) |
22590 |